Anagramas - Países Hispanohablantes - Estadísticas

Estadísticas generales
  • Esta prueba ha sido intentada 123 veces
  • La puntuación promedio es 15 de 20
Estadísticas de respuestas
Anagrama País Hispanohablante % Correcto
eúrp Perú
96%
uuauryg Uruguay
95%
bcua Cuba
90%
cleih Chile
89%
céxoim México
88%
apmnaá Panamá
88%
ñpasea España
86%
aaryupag Paraguay
84%
vliboia Bolivia
83%
uezneeavl Venezuela
83%
uagealatm Guatemala
77%
cimoalob Colombia
75%
dúmalainn caproiec República Dominicana
72%
ls aaeolrdv El Salvador
71%
odhsanru Honduras
65%
iterannag Argentina
57%
auaniagrc Nicaragua
54%
sarct acoi Costa Rica
52%
daucore Ecuador
52%
nctgao eruieliaau Guinea Ecuatorial
42%
No se encontraron pruebas coincidentes
Distribución de puntuación
Porcentaje de gente con cada puntuación
Porcentaje por número respondido
Historial de tus puntuaciones
No has intentado esta prueba.